| 000 | 01142nam0a22002651 4500 | ||
|---|---|---|---|
| 001 | rc\4464062 | ||
| 005 | 20260412041623.0 | ||
| 021 |
_aRU _b[68-55597] |
||
| 035 | _a(NLR Aleph) 008592632 | ||
| 090 |
_a8653325 _c8653325 |
||
| 100 | _a20130416d1968 |||y0rusy50 ca | ||
| 101 | 0 | _arus | |
| 102 | _aRU | ||
| 105 | _aa z ||||| | ||
| 200 | 1 |
_aРезюме научных сообщений _fАН СССР. АН БССР. Ин-т математики АН БССР. Гомел. лаборатория теории конечных групп ИМ АН БССР. Гомел. гос. пед. ин-т. IX Всесоюз. алгебраич. коллоквиум. Июль. 1968 г. |
|
| 210 |
_aГомель _cБ. и. _d1968 |
||
| 215 |
_a227 с. _cчерт. _d19 |
||
| 320 | _aТемат. указатель: с. 227 | ||
| 606 |
_aАлгебра высшая _jРефераты _2psbo |
||
| 710 | 1 | 2 |
_aВсесоюзный коллоквиум по общей алгебре _d9 _f1968 _eГомель _3RU\NLR\AUTH\8810154360 _9803913 |
| 801 | 0 |
_aRU _bNLR _gpsbo |
|
| 801 | 1 |
_aRU _bELAR _2rusmarc |
|
| 852 |
_aNLR _j68-3/4590 |
||
| 942 | _cBOOK | ||
| 980 | _aNB | ||